000 00886nam a2200277 a 4500
001 000041626
003 OSt
005 20201002035656.0
008 131014s1992 sp ac 000 0 spa d
020 _a8400071255
040 _aDO-SdBNP
_bspa
_cBNPHU
082 _axxx
_bxxx
100 1 _aYáñez, Agustín,
_d1904-1980.
_924436
245 1 0 _aAl Filo del Agua /
_cAgustín Yáñez ; coordinador Arturo Azuela.
250 _aedición crítica
260 _aMadrid :
_bC. S. I. C.,
_c1992.
300 _axxxvi, 406 p. :
_bil., retrs. ;
_c25 cm.
490 1 _aArchivos
_v22
500 _aIncluye referencias bibliográficas y notas al pie de las páginas.
504 _aBibliografía p: 395-406
700 1 _aAzuela, Arturo
_966218
710 2 _aConsejo Superior de Investigaciones Científicas
_94786
830 0 _aArchivos
_n22
_968408
910 _aEn proceso
942 _2ddc
_cLF1
999 _c41116
_d41116